Movies Quiz

Random Movies or Quote Quiz

Follow That Line: Anchorman Quiz Stats

Quiz Updated Nov 8, 2017

Challenge
Share
Tweet
Embed
Score 0/25 Timer 08:00
1 Play Today
% Correct
I love lamp.
93.5%
Only the names, events and locations have been changed.
91.8%
I saw that, Brick killed a guy!
91.4%
Hey, everyone, come see how good I look!
90.8%
Yes, I'll have three fingers of Glenlivet with a little bit of pepper and, uh, some cheese.
90.7%
You're pathetic.
90.4%
That doesn't make sense.
88.8%
Well that's just great. D'you hear that, Ed? Bears, now you're putting the whole station in jeopardy.
88%
I don't know.
87.5%
I'm in a glass case of emotion!
84.7%
Well, I could be wrong, but I believe it is an old, old wooden ship, used in the Civil War era.
81.7%
Ron Burgundy had never heard that song.
81.6%
I said your hair... Looks stupid.
80.6%
% Correct
You know I don't speak Spanish, English please.
80.5%
But God does not want her to live.
79.3%
No, too many people died last year, so we're not gonna.
79.2%
And that's it!
78.5%
More than anything in the world, Ron.
77.9%
Hey, Let's leave the mothers out of this.
77.6%
Cannonball!
72.8%
Panda watch!
71.9%
Lower your voice, Ron.
57.8%
Jazz Flute is for little fairy boys.
52%
That's a good one!
48.5%
I ate a big, red candle.
45.6%

You're not logged in!

Compare scores with friends on all Sporcle quizzes.
Sign Up with Email
OR
Log In

You Might Also Like...

Show Comments

Extras

Top Quizzes Today


Score Distribution

Your Account Isn't Verified!

In order to create a playlist on Sporcle, you need to verify the email address you used during registration. Go to your Sporcle Settings to finish the process.